[Event "4NCL 2016-17"]
[Site "Reading ENG"]
[Date "2017.04.30"]
[Round "10.75"]
[White "Mayhew, Andrew"]
[Black "Blackburn, Joathan Lb"]
[Result "1/2-1/2"]
[WhiteElo "2213"]
[BlackElo "2193"]
[WhiteTeam "Anglian Avengers"]
[BlackTeam "South Wales Dragons"]
[WhiteFideId "405493"]
[BlackFideId "1801090"]
[EventDate "2016.11.19"]

1. d4 Nf6 2. Nc3 d5 3. Bf4 e6 4. Nb5 Na6 5. a3 c6 6. Nc3 Bd6 7. e3 O-O 8. Nf3
Nc7 9. Bd3 Bxf4 10. exf4 b6 11. O-O c5 12. Re1 Qd6 13. Qd2 a5 14. Re5 c4 15. Bf1
b5 16. g3 b4 1/2-1/2

[Event "4NCL 2016-17"]
[Site "Reading ENG"]
[Date "2017.04.30"]
[Round "10.76"]
[White "Williamson, Roger G"]
[Black "Spence, David J"]
[Result "1/2-1/2"]
[WhiteElo "2189"]
[BlackElo "2176"]
[WhiteTeam "South Wales Dragons"]
[BlackTeam "Anglian Avengers"]
[WhiteFideId "414620"]
[BlackFideId "407429"]
[EventDate "2016.11.19"]

1. d4 e6 2. e4 d5 3. Nc3 Bb4 4. exd5 exd5 5. Bd3 c6 6. Qh5 Nf6 7. Qf3 Bg4 8. Qg3
Bd6 9. Bf4 Bxf4 10. Qxf4 Nbd7 11. Nge2 Qe7 12. f3 Be6 13. g4 O-O-O 14. O-O-O Ne8
15. h4 h5 16. g5 g6 17. Rhe1 Qd6 18. Qxd6 Nxd6 19. Ng3 Rde8 20. Nce2 Re7 21. Nf4
Rhe8 22. Re2 Nf8 23. Rde1 Kd8 24. c3 Bc8 25. Re5 Nd7 26. Rxe7 1/2-1/2

[Event "4NCL 2016-17"]
[Site "Reading ENG"]
[Date "2017.04.30"]
[Round "10.78"]
[White "Wilson, Julie"]
[Black "York-Andersen, Anna"]
[Result "1/2-1/2"]
[WhiteElo "1885"]
[BlackElo "1788"]
[WhiteTeam "South Wales Dragons"]
[BlackTeam "Anglian Avengers"]
[WhiteFideId "1800876"]
[BlackFideId "416789"]
[EventDate "2016.11.19"]

1. d4 Nf6 2. c4 g6 3. Nc3 d5 4. cxd5 Nxd5 5. Bd2 Bg7 6. e4 Nb6 7. Be3 O-O 8. Be2
e5 9. d5 Bd7 10. Nf3 c6 11. Qb3 cxd5 12. Bxb6 axb6 13. Nxd5 Be6 14. Bc4 Bxd5 15.
Bxd5 Nc6 16. O-O Qc7 17. Rac1 Ra5 18. Qe3 Rc5 19. Rxc5 bxc5 20. Qxc5 Bf6 21. Rc1
Be7 22. Qc3 Rd8 23. Bxc6 Qxc6 24. Qxc6 bxc6 25. Nxe5 Rd2 26. Nc4 Re2 27. f3 Bc5+
28. Kh1 Bd4 29. a3 Bxb2 30. Nxb2 Rxb2 31. h3 Rb6 32. Kh2 Ra6 33. Rc3 Kg7 34. e5
Kf8 35. Kg3 Ke7 36. f4 Ke6 37. h4 f6 1/2-1/2

[Event "4NCL 2016-17"]
[Site "Reading ENG"]
[Date "2017.04.30"]
[Round "10.81"]
[White "Walker, David J"]
[Black "Tukpetov, Evgeny"]
[Result "1/2-1/2"]
[WhiteTitle "FM"]
[WhiteElo "2289"]
[BlackElo "2269"]
[WhiteTeam "North East England"]
[BlackTeam "Kings Head"]
[WhiteFideId "400882"]
[BlackFideId "446904"]
[EventDate "2016.11.19"]

1. c4 Nc6 2. g3 e5 3. Nc3 Bc5 4. Bg2 d6 5. Nf3 Nge7 6. a3 a5 7. e3 Nf5 8. b3 h5
9. h3 Be6 10. Bb2 Qe7 11. Nd5 Bxd5 12. cxd5 Nb8 13. O-O Bb6 14. d4 Nd7 15. Qc2
g6 16. Rfd1 Kf8 17. e4 Ng7 18. h4 f6 19. Qd2 Kg8 20. Rac1 Nf8 21. Kh2 g5 22.
dxe5 dxe5 23. d6 cxd6 24. Qxd6 Qxd6 25. Rxd6 Bxf2 26. Rxf6 gxh4 27. gxh4 Be3 28.
Rd1 Ne8 29. Rf5 Ng7 30. Bxe5 Nxf5 31. exf5 Rh7 32. Ng5 Rd7 33. Bd5+ Rxd5 34.
Rxd5 a4 35. Rd3 Bc1 36. Rg3 axb3 37. Ne6+ Kh7 38. Rg7+ Kh6 39. Nxf8 Rxf8 40.
Rg6+ Kh7 1/2-1/2

[Event "4NCL 2016-17"]
[Site "Reading ENG"]
[Date "2017.04.30"]
[Round "10.82"]
[White "Kwiatkowski, Feliks J"]
[Black "Wall, Tim P"]
[Result "0-1"]
[WhiteTitle "CM"]
[BlackTitle "FM"]
[WhiteElo "2217"]
[BlackElo "2183"]
[WhiteTeam "Kings Head"]
[BlackTeam "North East England"]
[WhiteFideId "401803"]
[BlackFideId "401641"]
[EventDate "2016.11.19"]

1. e4 d5 2. exd5 Qxd5 3. Nc3 Qd6 4. d4 Nf6 5. Nf3 c6 6. g3 Bf5 7. Bg2 h6 8. O-O
e6 9. Ne5 Be7 10. f4 Nbd7 11. Nc4 Qc7 12. Ne3 O-O 13. Nxf5 exf5 14. Qd3 g6 15.
Nd1 Rad8 16. Nf2 Nc5 17. Qe3 Ne6 18. Rd1 Nd5 19. Qf3 Bf6 20. c3 Rfe8 21. Bd2 Qb6
22. Rab1 Bxd4 23. cxd4 Nxd4 24. Qa3 Ne2+ 25. Kf1 Qb5 26. Nd3 Nb6 27. Bc1 Nxc1
28. Rbxc1 Nc4 29. Qc3 Ne3+ 30. Kg1 Nxd1 31. Rxd1 Re3 32. Bf1 Qd5 33. Re1 Rde8
34. Rxe3 Rxe3 35. b3 Qe4 36. Qd2 Qd4 37. Kg2 c5 38. Qc2 b5 39. Ne5 a6 40. a4 Rc3
41. Qa2 Qe4+ 42. Kg1 Rc2 43. Qxc2 Qxc2 44. axb5 axb5 45. Bxb5 Qxb3 46. Bc4 Qb7
47. Nxg6 Qb1+ 0-1

[Event "4NCL 2016-17"]
[Site "Reading ENG"]
[Date "2017.04.30"]
[Round "10.83"]
[White "Coathup, Roger H"]
[Black "Sun, Xinyue"]
[Result "1-0"]
[WhiteElo "2159"]
[BlackElo "2080"]
[WhiteTeam "North East England"]
[BlackTeam "Kings Head"]
[WhiteFideId "407062"]
[BlackFideId "8600813"]
[EventDate "2016.11.19"]

1. c4 e6 2. g3 Nf6 3. Bg2 d5 4. Nf3 Be7 5. O-O O-O 6. b3 a5 7. Nc3 d4 8. Nb5 Nc6
9. e3 d3 10. a3 Nd7 11. Bb2 e5 12. Qb1 e4 13. Nfd4 Nxd4 14. Nxd4 Nf6 15. f3 c5
16. Nb5 exf3 17. Bxf3 Bh3 18. Bxb7 a4 19. b4 Rb8 20. Bg2 Bxg2 21. Kxg2 Ne4 22.
Qd1 Qd7 23. Rf4 Ng5 24. Qg4 f5 25. Qh5 Rb6 26. h4 Rh6 27. Qd1 Ne4 28. Nc3 Bd6
29. Nxe4 fxe4 30. Qg4 Qxg4 31. Rxg4 Rg6 32. Rxg6 hxg6 33. bxc5 Bxc5 34. Bd4 Bd6
35. c5 Bc7 36. Rb1 Rb8 37. Rb4 Kf7 38. Rxa4 Ke8 39. Ra7 Kd8 40. Rxc7 Kxc7 41.
Be5+ Kc8 42. Bxb8 Kxb8 43. g4 1-0

[Event "4NCL 2016-17"]
[Site "Reading ENG"]
[Date "2017.04.30"]
[Round "10.84"]
[White "Guthrie, David"]
[Black "Moreby, James"]
[Result "1/2-1/2"]
[WhiteElo "2192"]
[BlackElo "2192"]
[WhiteTeam "Kings Head"]
[BlackTeam "North East England"]
[WhiteFideId "4300505"]
[BlackFideId "427756"]
[EventDate "2016.11.19"]

1. d4 Nf6 2. c4 g6 3. Nc3 d5 4. cxd5 Nxd5 5. e4 Nxc3 6. bxc3 Bg7 7. Nf3 c5 8.
Rb1 O-O 9. Be2 Nc6 10. d5 Ne5 11. Nxe5 Bxe5 12. Qd2 e6 13. f4 Bc7 14. O-O exd5
15. exd5 Ba5 16. Ba3 b6 17. d6 Bf5 18. Rbd1 Qf6 19. Bb4 cxb4 20. cxb4 Bxb4 21.
Qxb4 Rfe8 22. Bf3 Rad8 23. Rd2 Qe6 24. Re2 Qd7 25. Rd2 Qe6 1/2-1/2

[Event "4NCL 2016-17"]
[Site "Reading ENG"]
[Date "2017.04.30"]
[Round "10.85"]
[White "Dargan, Paul A G"]
[Black "Okike, David"]
[Result "0-1"]
[WhiteTitle "CM"]
[WhiteElo "2096"]
[BlackElo "2198"]
[WhiteTeam "North East England"]
[BlackTeam "Kings Head"]
[WhiteFideId "416762"]
[BlackFideId "8500134"]
[EventDate "2016.11.19"]

1. e4 c5 2. Nf3 Nc6 3. c3 Nf6 4. e5 Nd5 5. d4 cxd4 6. cxd4 e6 7. Bc4 Nb6 8. Bd3
d5 9. Bg5 Be7 10. h4 Bd7 11. Nc3 a6 12. Qd2 h6 13. Bxe7 Qxe7 14. h5 Nb4 15. Be2
Rc8 16. a3 Nc6 17. Rh4 Kd8 18. Rg4 Qf8 19. Qf4 Ne7 20. Nh4 Nc4 21. Bxc4 Rxc4 22.
Rd1 Be8 23. Qg3 Rg8 24. Rd3 Bd7 25. Rf4 f5 26. exf6 gxf6 27. Qf3 f5 28. g4 Qg7
29. gxf5 Qg1+ 30. Kd2 Qa1 31. f6 Qxb2+ 32. Ke3 Qc1+ 33. Ke2 Rg1 34. fxe7+ Kxe7
35. Ng2 Qf1+ 36. Kd2 Qc1+ 37. Ke2 Qc2+ 38. Rd2 Qxc3 39. Qxc3 Rxc3 40. Rf3 Bb5+
41. Rfd3 Rxd3 42. Rxd3 Rxg2 43. Kf3 Rg7 0-1

[Event "4NCL 2016-17"]
[Site "Reading ENG"]
[Date "2017.04.30"]
[Round "10.86"]
[White "Mackenzie, Colin"]
[Black "Turner, Max N"]
[Result "1-0"]
[WhiteElo "2060"]
[BlackElo "1955"]
[WhiteTeam "Kings Head"]
[BlackTeam "North East England"]
[WhiteFideId "2501031"]
[BlackFideId "447722"]
[EventDate "2016.11.19"]

1. c4 c6 2. g3 d5 3. Bg2 Nf6 4. Nf3 e6 5. O-O Bd6 6. Qc2 O-O 7. d4 Nbd7 8. b3
Re8 9. Nc3 b6 10. Bb2 Bb7 11. Rac1 Rc8 12. e4 Nxe4 13. Nxe4 dxe4 14. Qxe4 Nf6
15. Qc2 c5 16. Rcd1 Qe7 17. d5 e5 18. Rfe1 Nd7 19. Bh3 f6 20. Be6+ Kh8 21. Nh4
Nf8 22. Nf5 Qc7 23. Bxc8 Bxc8 24. Qe4 Bd7 25. g4 Ng6 26. Bc1 Bxf5 27. gxf5 Ne7
28. f4 Qd7 29. fxe5 Bxe5 30. Rf1 Nc8 31. Qf3 Nd6 32. Kh1 Kg8 33. Rde1 a6 34. a4
b5 35. axb5 axb5 36. Qd3 bxc4 37. bxc4 Qa4 38. Be3 Qa2 39. Re2 Qxc4 40. Qxc4
Nxc4 41. Bxc5 Rc8 42. Bf2 Rd8 43. Rc2 Nd6 44. Bb6 Rb8 45. Rc6 Nb5 46. Bc5 Rd8
47. Rd1 Nc3 48. Rd3 Ne4 49. Kg2 h6 50. h4 Rd7 51. Ba3 Kh7 52. d6 Kg8 53. Rb3 Kh7
54. Re3 Ra7 55. d7 Rxd7 56. Rxe4 Rd2+ 57. Kf3 Rh2 58. Bd6 Rh3+ 59. Ke2 Rh2+ 60.
Kd3 Bxd6 61. Rxd6 Rh1 62. Kc4 1-0

[Event "4NCL 2016-17"]
[Site "Reading ENG"]
[Date "2017.04.30"]
[Round "10.87"]
[White "Henderson, David"]
[Black "Foord, Dominic"]
[Result "1/2-1/2"]
[WhiteElo "2079"]
[BlackElo "2099"]
[WhiteTeam "North East England"]
[BlackTeam "Kings Head"]
[WhiteFideId "430021"]
[BlackFideId "415391"]
[EventDate "2016.11.19"]

1. e4 e5 2. Nf3 Nc6 3. Bb5 a6 4. Ba4 Nf6 5. O-O Be7 6. Re1 b5 7. Bb3 d6 8. c3
O-O 9. h3 Nb8 10. d3 Nbd7 11. Nbd2 Bb7 12. Nf1 Nc5 13. Bc2 Re8 14. Ng3 Bf8 15.
b4 Ncd7 16. a4 d5 17. exd5 Nxd5 18. Bd2 g6 19. Bb3 Bg7 20. axb5 axb5 21. Rxa8
Qxa8 22. c4 Nf4 23. Bxf4 exf4 24. Rxe8+ Qxe8 25. Ne4 Ne5 26. Nxe5 Qxe5 27. cxb5
Bf8 28. Qc2 Bxe4 29. dxe4 Bd6 30. Qc4 Qe7 31. Qd5 Kg7 32. Qd4+ 1/2-1/2

[Event "4NCL 2016-17"]
[Site "Reading ENG"]
[Date "2017.04.30"]
[Round "10.88"]
[White "Disu, Kayode"]
[Black "Roberts, Lynda"]
[Result "0-1"]
[BlackTitle "WCM"]
[WhiteElo "1976"]
[BlackElo "1863"]
[WhiteTeam "Kings Head"]
[BlackTeam "North East England"]
[WhiteFideId "432849"]
[BlackFideId "1800191"]
[EventDate "2016.11.19"]

1. c4 f5 2. Nc3 Nf6 3. g3 g6 4. Bg2 Bg7 5. d3 O-O 6. e4 fxe4 7. dxe4 e5 8. Bg5
d6 9. Qd2 Be6 10. h4 Qd7 11. b3 Nc6 12. Nge2 Nd4 13. Nxd4 exd4 14. Ne2 Ng4 15.
Bf4 c5 16. Rd1 Ne5 17. O-O b5 18. cxb5 Qxb5 19. Rfe1 Bg4 20. Bxe5 dxe5 21. Qd3
Qxd3 22. Rxd3 Bh6 23. Nc1 Rac8 24. f3 Be6 25. Rdd1 c4 26. bxc4 Rxc4 27. Nd3 Bg7
28. Rc1 Rfc8 29. Bf1 a5 30. Rxc4 Bxc4 31. Rc1 Be6 32. Rxc8+ Bxc8 33. Nc5 Bf8 34.
Bc4+ Kg7 35. Nd3 Bd6 36. Kf2 Bb7 37. Bb5 h6 38. Nb2 Kf6 39. Nc4 Bb4 40. Ke2 Bc3
41. Nd6 Ba8 42. Ne8+ Ke7 43. Nc7 Bb7 44. Nd5+ Bxd5 45. exd5 Bb4 46. f4 Kf6 47.
Be8 Bc5 48. Kd3 Bb4 49. Kc4 g5 50. h5 Ke7 51. Bc6 Kd6 52. Kd3 Kc7 53. Ke4 Kb6
54. Kd3 Kc7 55. Kc4 Kd6 56. g4 gxf4 57. g5 Ke7 58. gxh6 Kf7 59. Be8+ Kg8 60. Bg6
Bf8 61. h7+ Kh8 62. Kd3 Bd6 63. Ke4 Bb8 64. Kf3 Bc7 65. Kg4 Bb8 66. Be4 Bc7 67.
Kf5 Kxh7 68. Ke6+ Kh6 69. d6 Bd8 70. Kxe5 Kxh5 71. Bf3+ Kg5 72. Ke6 Kh4 73. Kf5
Kg3 74. Ke4 d3 75. Bh5 d2 76. Kd3 f3 77. Kxd2 f2 78. Be2 Kg2 79. d7 f1=Q 80.
Bxf1+ Kxf1 81. Kd1 Kf2 82. Kd2 Kf3 83. Kd3 Kf4 84. Kd4 Kf5 85. Kd5 Kf6 86. Kd6
Kf7 87. Kd5 Ke7 88. Kc6 Ke6 89. Kb5 Kxd7 90. Kc5 Ke6 91. Kc4 Kd6 92. Kd4 Kc6 93.
Kc4 Bc7 94. a3 Bd8 95. Kb3 Kb5 96. a4+ Kc5 97. Kc3 Bf6+ 98. Kb3 Bd4 99. Ka3 Kc4
100. Ka2 Kb4 0-1

[Event "4NCL 2016-17"]
[Site "Reading ENG"]
[Date "2017.05.01"]
[Round "11.22"]
[White "Longson, Alexander"]
[Black "McNab, Colin A"]
[Result "1/2-1/2"]
[WhiteTitle "FM"]
[BlackTitle "GM"]
[WhiteElo "2317"]
[BlackElo "2433"]
[WhiteTeam "3C's"]
[BlackTeam "White Rose"]
[WhiteFideId "408093"]
[BlackFideId "2400030"]
[EventDate "2016.11.19"]

1. e4 g6 2. d4 d6 3. Nc3 Bg7 4. Be3 Nf6 5. Qd2 c6 6. Bh6 Bxh6 7. Qxh6 Qa5 8. Bd3
Na6 9. Ne2 Nb4 10. O-O Bd7 11. a3 Nxd3 12. cxd3 Qh5 13. Qe3 O-O 14. f3 e5 15.
dxe5 Qxe5 16. d4 Qe7 17. Qh6 Rfe8 18. Nf4 Kh8 19. Nd3 Be6 20. Rfe1 Bc4 21. Rad1
Ng8 22. Qf4 Bxd3 23. Rxd3 Rad8 24. d5 c5 25. Rde3 Qf6 26. Qg3 a6 27. f4 Qd4 28.
Rd1 Qg7 29. Ree1 b5 30. e5 b4 31. Na4 Nh6 32. exd6 Nf5 33. Rxe8+ Rxe8 34. d7 Rd8
35. Qe1 Qf8 36. axb4 cxb4 37. Qe5+ Kg8 38. Qc7 Qe7 39. Nc5 Nd6 40. Kf1 Qf6 41.
Ne6 fxe6 42. Qxd6 Kf7 43. dxe6+ Qxe6 44. Qxe6+ Kxe6 45. Ke2 h5 46. Rd4 a5 47.
Kd3 a4 48. Rxb4 Rxd7+ 49. Ke3 Ra7 50. Ke4 a3 51. Rb6+ Kf7 52. bxa3 Rxa3 53. Rb7+
Kf6 54. Rb6+ Kf7 55. Rb2 Kf6 56. Rd2 Rb3 57. Re2 g5 58. fxg5+ 1/2-1/2

[Event "4NCL 2016-17"]
[Site "Reading ENG"]
[Date "2017.05.01"]
[Round "11.52"]
[White "Sowray, Peter J"]
[Black "Ledger, Andrew J"]
[Result "1/2-1/2"]
[WhiteTitle "FM"]
[BlackTitle "IM"]
[WhiteElo "2310"]
[BlackElo "2377"]
[WhiteTeam "Barbican 4NCL"]
[BlackTeam "Blackthorne Russia"]
[WhiteFideId "400971"]
[BlackFideId "400610"]
[EventDate "2016.11.19"]

1. d4 Nf6 2. c4 e6 3. Nc3 Bb4 4. e3 O-O 5. Ne2 d5 6. a3 Bd6 7. Ng3 c5 8. dxc5
Bxc5 9. b4 Be7 10. cxd5 exd5 11. Bb2 Nc6 12. Nb5 a5 13. bxa5 Rxa5 14. Bc3 Ra8
15. Bd3 g6 1/2-1/2

[Event "4NCL 2016-17"]
[Site "Reading ENG"]
[Date "2017.05.01"]
[Round "11.84"]
[White "Oyama, Akito"]
[Black "Mackenzie, Colin"]
[Result "1-0"]
[WhiteElo "2174"]
[BlackElo "2060"]
[WhiteTeam "Anglian Avengers"]
[BlackTeam "Kings Head"]
[WhiteFideId "7001630"]
[BlackFideId "2501031"]
[EventDate "2016.11.19"]

1. d4 e6 2. e4 d5 3. Nc3 Bb4 4. Ne2 dxe4 5. a3 Bxc3+ 6. Nxc3 Nc6 7. d5 exd5 8.
Qxd5 Be6 9. Qxe4 Nf6 10. Qh4 Qd4 11. Bg5 Qxh4 12. Bxh4 O-O 13. O-O-O Nd7 14. Nb5
Rfc8 15. Bg3 Nce5 16. Re1 a6 17. Nd4 Ng6 18. Nxe6 fxe6 19. Rxe6 b5 20. Re3 Nb6
21. Bd3 Nf8 22. Bf5 Re8 23. Rxe8 Rxe8 24. Bxc7 Nd5 25. Bg3 b4 26. axb4 g6 27.
Bd3 Nxb4 28. Bc4+ Kg7 29. c3 Rc8 30. b3 Nc6 31. Bxa6 Ra8 32. Bd3 Nd7 33. Kb2 Nc5
34. Bb5 Rc8 35. Re1 Kf6 36. b4 Ne6 37. Bxc6 Rxc6 38. Kb3 g5 39. Be5+ Kf5 40. c4
h5 41. c5 Rc8 42. Kc4 h4 43. Bd6 Nd8 44. Re8 1-0